| 000 | 01951cam a22004694i 4500 | ||
|---|---|---|---|
| 003 | PE-LiUPU | ||
| 005 | 20250731172902.0 | ||
| 008 | 150706s r 000 0 d | ||
| 020 | _a1587431521 | ||
| 020 | _a9781587431524 | ||
| 035 | _a(Sirsi) a166031 | ||
| 040 |
_aPE-LiUPU _bspa _cPE-LiUPU _erda |
||
| 049 | _aPRUA | ||
| 082 | 0 | 4 |
_a289.9 _bK56 _223 |
| 100 | 1 |
_aKinzer, Mark., _eautor. |
|
| 245 | 0 | 0 |
_aPostmissionary Messianic Judaism : _bredefining Christian engagement with the Jewish people / _cMark S. Kinzer. |
| 264 | 1 |
_aGrand Rapids, Mich. : _bBrazos Press, _c2008. |
|
| 300 |
_a320 páginas ; _c23 centímetros. |
||
| 336 |
_atext _2rdacontent |
||
| 337 |
_aunmediated _2rdamedia |
||
| 338 |
_avolume _2rdacarrier |
||
| 505 | 0 |
_tEcclesiology and biblical interpretation -- _tThe New Testament and Jewish practice -- _tThe New Testament and the Jewish people -- _tBilateral ecclesiology in solidarity with Israel -- _tThe Christian no to Israel : Christian supersessionism and Jewish practice -- _tJewish tradition and the Christological test -- tJewish tradition and the biblical test -- _tFrom missionary to postmissionary Messianic Judaism -- _tHealing the schism. |
|
| 526 | _aSEG42 | ||
| 526 | _aSEG41 | ||
| 526 | _aSEG40 | ||
| 526 | _aSEG39 | ||
| 526 | _aP94 | ||
| 526 | _aP87 | ||
| 526 | _aP86 | ||
| 526 | _aP85 | ||
| 526 | _aP77 | ||
| 526 | _aP76 | ||
| 526 | _aP35 | ||
| 650 | 0 | 4 |
_aElección (Teología) _xEnseñanza bíblica. |
| 650 | 0 | 4 |
_aIsrael (teología cristiana) _xenseñanza bíblica. |
| 650 | 0 | 4 |
_aBiblia. _pNuevo Testamento _xCrítica, interpretación, etc. |
| 942 |
_2ddc _cBOOK |
||
| 994 |
_aC0 _bPEPRU |
||
| 596 | _a1 | ||
| 999 |
_a289.9 K56 _wLC _c14769 _i75220 _f2021-11-11 _g5 _lCCODEBUL1 _mBUL _p32.00 _r0 _sY _tBOOK _u2017-1-12 _xTEOLOGIA _PP85 _0COMPRA _o.STAFF. Colección Teología _d14769 |
||
| 980 |
_81 _gALBERTO SANCHEZ Responsable de Automatización |
||